Statistics for Australian Bird Names Containing 'Red'

Click here to take the quiz!

General Stats

  • This quiz has been taken 7 times
  • The average score is 10 of 32

Answer Stats

Answer% Correct
Red-backed Fairy-wren
100%
Red-browed Finch
100%
Red-capped Parrot
100%
Red-necked Avocet
100%
Red-winged Parrot
100%
Red-backed Kingfisher
50%
Red-capped Robin
50%
Red-cheeked Parrot
50%
Red-footed Booby
50%
Red-headed Honeyeater
50%
Red Junglefowl
50%
Red-rumped Parrot
50%
Red Wattlebird
50%
Red-whiskered Bulbul
50%
Red-winged Fairy-wren
50%
Red-backed Button-quail
0%
Red-bellied Pitta
0%
Red-browed Pardalote
0%
Red-browed Treecreeper
0%
Red-capped Plover
0%
Red-chested Button-quail
0%
Red-eared Firetail
0%
Red Goshawk
0%
Red Knot
0%
Red-lored Whistler
0%
Red-necked Crake
0%
Red-necked Phalarope
0%
Red-necked Stint
0%
Red-rumped Swallow
0%
Red-tailed Black-Cockatoo
0%
Red-tailed Tropicbird
0%
Redthroat
0%

Score Distribution

Percentile by Number Answered

Percent of People with Each Score

Your Score History

You have not taken this quiz